000 00433nam a2200157Ia 4500
008 240729s9999 xx 000 0 und d
022 _a2522-4867
245 0 _aEurasian Chemico-Technological Journal
260 _aKazakhstan
260 _bal-Farabi Kazakh National University
650 _a Chemistry
650 _aScience
856 _uhttps://doaj.org/toc/69183c590341445b872793674dde2114
942 _2ddc
942 _cDOAJEJ
999 _c68584
_d68584
945 _a1
_bMadushi Gamage
_c1
_dMadushi Gamage